000 00478nam a2200181Ia 4500
005 20250923144518.0
008 008 250917s9999 xx 000 0 eng d
037 _aTextual
040 _aDSWL
_beng
_cDSWL
041 _aeng
_2eng
084 _qDSWL
245 0 _aGroup Dynamics
_cEd.by Dorain Cartwright
260 _aLondon
_bTavisco Publications Ltd
_c1953
300 _axiii,642p.
700 _aAlvin Zender
_9825634
942 _cTEXL
999 _c1439856
_d1439856